| 000 | 00621cas a22002175a 4500 | ||
|---|---|---|---|
| 001 | L138068 | ||
| 008 | 070515c xxkur p 0 a0eng u | ||
| 035 | _a(Sirsi) u138068 | ||
| 041 | 0 | _aeng | |
| 110 | 2 |
_aRoyal Institution of Chartered Surveyors _bBerkshire, Buckinghamshire and Oxfordshire Branch _95189 |
|
| 245 | 0 | 0 | _aNewsletter |
| 260 |
_aSouthampton _bRICS _c[198?]- |
||
| 362 | 0 | _aNovember 1989-June 1990 | |
| 554 | _aUnknown | ||
| 651 | 4 | _aBERKSHIRE | |
| 651 | 4 | _aBUCKINGHAMSHIRE | |
| 651 | 4 | _aOXFORDSHIRE | |
| 690 | _aMANAGEMENT-BUSINESS MANAGEMENT-PROFESSIONAL PRACTICE | ||
| 785 | 0 | 0 | _tDatum |
| 942 | _n0 | ||
| 999 |
_c118939 _d118939 |
||